000 00842nam a2200265 i 4500
001 187554
003 SpMaBN
005 20231218110427.0
008 180828s2015 pl a |||| | spa d
020 _a978-83-87346-89-8
080 _a94(438)
080 _a94(460)
100 1 _aLelewel, Joachim (
_d1786-1861)
_9165359
245 1 0 _aHistoryczna paralela Hiszpanii z Polska w XVI, XVII, XVIII wieku /
_cJoachim Lelewel.
250 _aWydanie I.
260 _aPoznan :
_bWiS,
_c2015.
300 _a294 p. :
_bil. col. ;
_c31 cm.
500 _aÍndice.
546 _aTexto en español, polaco e inglés.
651 7 _aEspaña-
_xHistoria.
_98209
651 7 _aPolonia-
_xHistoria.
_99240
852 _aES-MaACL
_jA-14202
_zEncuadernación cartoné
_9194640
_bR.151531
_cDEPO1
_dOlim: N-7202
942 _2udc
999 _c187554
_d187554